|
|
|
|
| LEADER |
00000nab a2200000 a 4500 |
| 001 |
vtls000630419 |
| 003 |
SK-MaSNL |
| 005 |
20260304010856.0 |
| 008 |
140302c1997 xo 0 slo |
| 015 |
|
|
|a SNBRB19rr/mm-uuuuu
|
| 035 |
|
|
|a CL0630558
|
| 040 |
|
|
|a SNKBUCL
|b slo
|c SNKBUCL
|e AACR2
|
| 041 |
0 |
|
|a slo
|
| 044 |
|
|
|a xo
|c SK
|
| 080 |
|
|
|a 616-099
|2 1981
|
| 100 |
1 |
|
|a Miškovičová, Angela
|4 aut
|9 1289073
|
| 245 |
1 |
0 |
|a Problematika intoxikácií v prednemocničnej etape v rámci urgentnej medicíny
|c Angela Miškovičová
|
| 300 |
|
|
|b Fotogr. 2
|
| 650 |
0 |
7 |
|a intoxikácia
|2 snkbucl
|9 27403
|
| 650 |
0 |
7 |
|a medicína urgentná
|2 snkbucl
|9 868880
|
| 655 |
|
7 |
|a články z novín a časopisov
|2 snkbucl
|9 267496
|
| 773 |
0 |
|
|t Zdravotnícke noviny
|g Roč. 2, č. 27 (1997)
|
| 773 |
0 |
|
|t [Príl.] Lekárske listy
|g Č. 27 (1997), s. 8-9
|
| 850 |
|
|
|a Slovenská národná knižnica v Martine
|a MTA001
|
| 852 |
|
|
|a SNK
|b KIS3GCP
|
| 958 |
|
|
|a ME
|
| 958 |
|
|
|a RK
|
| 992 |
|
|
|a RBX
|
| 999 |
|
|
|c 2563431
|d 2565361
|